10's by 20's - Statistiques

Statistiques générales
  • Ce quiz a été pris 14 fois
  • Le résultat moyen est 40 sur 48
Statistiques - réponses
10's by 20'S produit % Correct
12x24 288
100%
12x25 300
100%
14x22 308
100%
12x26 312
100%
13x24 312
100%
14x23 322
100%
12x27 324
100%
13x25 325
100%
12x28 336
100%
14x24 336
100%
13x26 338
100%
12x29 348
100%
14x25 350
100%
13x27 351
100%
13x28 364
100%
14x26 364
100%
13x29 377
100%
14x27 378
100%
14x28 392
100%
14x29 406
100%
15x24 360
86%
15x25 375
86%
15x26 390
86%
16x25 400
86%
15x27 405
86%
16x26 416
86%
19x22 418
86%
15x28 420
86%
16x27 432
86%
18x24 432
86%
15x29 435
86%
16x23 368
71%
16x24 384
71%
18x23 414
71%
16x28 448
71%
18x25 450
71%
16x29 464
71%
18x26 468
71%
18x27 486
71%
18x28 504
71%
18x29 522
71%
19x24 456
57%
17x28 476
57%
17x29 493
57%
19x26 494
43%
19x27 513
43%
19x28 532
43%
19x29 551
43%
Aucun quiz correspondant
Distribution des résultats
% des personnes avec chaque résultat
Percentile par nombre de réponses
Votre historique - résultats
Vous n’avez pas pris ce quiz